טוען...

Caste tribe & culture of India:Assam /

מידע ביבליוגרפי
מחבר ראשי: Bahadur, K. P.
פורמט: Printed Book
שפה:English
יצא לאור: Delhi: Ess Ess Publication, c1977.
נושאים:
LEADER 00517 a2200157 4500
008 150103s9999 000 0 eng
082 |a 305.8  
100 |a Bahadur, K. P. 
245 |a Caste tribe & culture of India:Assam / 
260 |a Delhi:  |b Ess Ess Publication,  |c c1977. 
300 |a 137p. 
650 |a Ethnology. 
653 |a Assam 
942 |c BK 
999 |c 302611  |d 302611 
952 |0 0  |1 0  |2 ddc  |4 0  |6 305_800000000000000_BAH_CA  |7 0  |9 346123  |a DRA  |b DRA  |c ST1  |d 2010-11-04  |i 3180  |l 0  |o 305.8 BAH/CA  |p DRA3180  |r 2019-01-03  |w 2019-01-03  |y BK